| 000 | 00582nam a2200205 a 4500 | ||
|---|---|---|---|
| 001 | 4966 | ||
| 003 | CO-ViMGA | ||
| 008 | 141112s2004 ck r 000 u spa d | ||
| 040 |
_aCO-ViMGA _bspa _cCO-ViMGA |
||
| 082 | 0 | 4 | _a909.07 M122 |
| 100 | 1 | _aMacDonald, Fiona | |
| 245 | 1 | 0 |
_aEn las cruzadas con Ricardo corazón de León / _cMacDonald Fiona , Sergin Mark |
| 260 |
_aMadrid : _bAnaya, _c1991 |
||
| 300 | _a31 p : il | ||
| 490 | _aEl tunel del tiempo | ||
| 650 | 1 | 4 |
_aCRUZADAS _954398 |
| 650 | 1 | 4 |
_aINGLATERRA - HISTORIA _93156 |
| 650 | 1 | 4 |
_aSergin, Mark _93157 |
| 942 |
_2ddc _cBK |
||
| 999 |
_c16968 _d16968 |
||